| 000 | 00528pab a2200181 454500 | ||
|---|---|---|---|
| 008 | 180718b2010 xxu||||| |||| 00| 0 eng d | ||
| 100 | _aRees, Christopher J. | ||
| 245 | _aPerspectives on decentralization and local governance in developing and transitional countries | ||
| 260 | _c2010 | ||
| 300 | _ap.581-587. | ||
| 362 | _aOct-Nov | ||
| 650 | _aLocal government | ||
| 650 | _aLocal government | ||
| 700 | _aHossain, Farhad | ||
| 773 | _aInternational Journal of Public Administration | ||
| 908 | _aN | ||
| 909 | _a90236 | ||
| 999 |
_c90236 _d90236 |
||